000 00447nam a2200181Ia 4500
001 11303
005 20260306162818.0
008 260306t1999||||xx |||||||||||||| ||spa||
041 _aESP
082 _a985.03
_bH19
100 _aHampe Martínez, Teodoro
_eAUT
245 0 _aLa tradición clásica en el Perú virreinal
260 _c1999
300 _a344 páginas :
_c21 cm.
650 _aGEN
654 _aCHU
942 _cLIB
_dJUS
_fJUS
_2ddc
_n
999 _c11303
_d11303